Nordrhein-Westfalen Wappen der Landkreise - Statistiken

Allgemein
  • Dieses Quiz wurde 30 mal gespielt
  • Das Durchschnittsergebnis liegt bei 21 aus 53
Antwortstatistiken
Bildquiz Antwort % Korrekt
Köln
79%
Dortmund
64%
Düsseldorf
64%
Duisburg
57%
Gelsenkirchen
57%
Kreis Lippe
57%
Kreis Wesel
57%
Münster
57%
Bielefeld
50%
Bochum
50%
Bottrop
50%
Essen
50%
Herne
50%
Kreis Borken
50%
Kreis Düren
50%
Kreis Herford
50%
Leverkusen
50%
Mönchengladbach
50%
Wuppertal
50%
Krefeld
43%
Kreis Coesfeld
43%
Kreis Mettmann
43%
Oberhausen
43%
Remscheid
43%
Bonn
36%
Ennepe-Ruhr-Kreis
36%
Hagen
36%
Hamm
36%
Kreis Gütersloh
36%
Kreis Kleve
36%
Kreis Soest
36%
Kreis Steinfurt
36%
Rhein-Sieg-Kreis
36%
Solingen
36%
Hochsauerlandkreis
29%
Kreis Euskirchen
29%
Kreis Heinsberg
29%
Kreis Minden-Lübbecke
29%
Kreis Paderborn
29%
Kreis Recklinghausen
29%
Kreis Unna
29%
Kreis Viersen
29%
Kreis Warendorf
29%
Märkischer Kreis
29%
Mülheim an der Ruhr
29%
Oberbergischer Kreis
29%
Rhein-Erft-Kreis
29%
Rheinisch-Bergischer Kreis
29%
Rhein-Kreis Neuss
29%
Städteregion Aachen
29%
Kreis Höxter
21%
Kreis Olpe
21%
Kreis Siegen-Wittgenstein
14%
Keine übereinstimmenden Quizze gefunden
Verteilung der Resultate
Anzahl Personen mit jedem Resultat
Perzentil nach korrekt beantworteten Fragen
Ihre Resultats-Entwicklung
Sie haben dieses Quiz noch nicht gespielt